000 00524nam a22001697a 4500
005 20231030092057.0
008 231030b |||||||| |||| 00| 0 eng d
020 _a0620054905
041 _aEnglish
082 _a349 REA
100 _lEnglish
245 _aReaders Digest Family Guide to The Law in South Africa /
260 _aCape Town :
_bThe Reader's Digest Association South Africa (Pty) Ltd,
_c1982
300 _b771 pages;
_c29,5 cm.
650 _aLegal practice
_bLaw
942 _cBK
_6ALISON_BN_VRIES
999 _c131
_d131